El hombre prehistórico

Saved in:
Bibliographic Details
Main Author: Howell, F. Clark (Author)
Format: Book
Language:Spanish
Published: Amsterdam Time-lIFE Internacional 1968
Subjects:
Tags: Add Tag
No Tags, Be the first to tag this record!

MARC

LEADER 00000nam a2200000 a 4500
001 UCP7501
003 CL-VaPUC
008 991217e19680000ne |||||||||||||||||spa|d
082 0 4 |a 573.3  |b HOW  |2 21 
100 0 |a Howell, F. Clark  |e author  |9 436897 
245 1 3 |a El hombre prehistórico 
300 |a 127 p 
942 |c BK 
945 |d 19991217 00:00:00  |a rherrera 
260 |a Amsterdam  |b Time-lIFE Internacional  |c 1968 
650 7 |a ORIGEN DEL HOMBRE  |2 CL-VaPUC  |9 308324 
650 0 |a Evolución humana   |9 266935 
650 0 |a Prehistoria universal   |9 436898 
650 0 |a Antropología   |9 233030 
650 7 |a HOMBRE PREHISTORICO  |2 CL-VaPUC  |9 267914 
650 7 |a UTENSILIOS E IMPLEMENTOS  |2 CL-VaPUC  |9 268101 
583 |a last modification  |c 20171218 06:31:14  |k Rodrigo Vera 
999 |c 284626  |d 284624 
952 |0 0  |1 0  |4 0  |6 573_300000000000000_HOW_1968  |7 0  |8 A  |9 328772  |a BIBHIS  |b BIBHIS  |d 2019-11-20  |i 1378244  |o 573.3 HOW 1968  |p 1378244  |r 2025-01-20  |w 2019-11-20  |y BK  |k HIS